Adán en su paraíso / (Record no. 193534)

MARC details
000 -LEADER
campo de control de longitud fija 01415nam a2200301 i 4500
001 - NÚMERO DE CONTROL
campo de control 193534
003 - IDENTIFICADOR DE NÚMERO DE CONTROL
campo de control ES-MaACL
005 - FECHA Y HORA DE LA ÚLTIMA TRANSACCIÓN
campo de control 20240908063120.0
007 - CAMPO FIJO DE DESCRIPCIÓN FÍSICA--INFORMACIÓN GENERAL
campo de control de longitud fija ta
008 - DATOS DE LONGITUD FIJA--INFORMACIÓN GENERAL
campo de control de longitud fija 240104s2023 sp ||||| |||| 00| 0 spa d
020 ## - NÚMERO INTERNACIONAL ESTÁNDAR DEL LIBRO
Número Internacional Estándar del Libro 9788412497199
040 ## - FUENTE DE CATALOGACIÓN
Centro/agencia transcriptor ES-MaACL
100 ## - ENTRADA PRINCIPAL--NOMBRE DE PERSONA
Nombre de persona Frías Hernández, Epi
9 (RLIN) 234838
Término indicativo de función/relación Autor
245 10 - MENCIÓN DEL TÍTULO
Título Adán en su paraíso /
Mención de responsabilidad, etc. Epi Frías Herández,
250 ## - MENCION DE EDICION
Mención de edición Primera edición: abril 2023
260 #1 - PUBLICACIÓN, DISTRIBUCIÓN, ETC.
Lugar de publicación, distribución, etc. [Madrid] :
Nombre del editor, distribuidor, etc. Hebras de Tinta Editorial,
Fecha de publicación, distribución, etc. 2023.
300 ## - DESCRIPCIÓN FÍSICA
Extensión 296 páginas ;
Dimensiones 21 cm
500 ## - NOTA GENERAL
Nota general Segunda novela de la serie Un paraíso en la tierra.
520 ## - RESUMEN, ETC.
Sumario, etc. Adán en su paraíso es la segunda novela de la serie Un paraíso en la tierra. No es necesario haber leído la primera, Un paraíso sin Eva, para entender plenamente, de principio a fin, esta segunda. En Adán en su paraíso, los protagonistas principales, Ramón y Amigo, viven nuevas aventuras, interactuando, además, con otros personajes secundarios.
852 ## - LOCALIZACIÓN
Ubicación ES-MaACL
Sublocalización o colección R.154867
Ubicación en estantería Depósito J
Donativo/Legado Donación: José Lázaro García
Encuadernación Encuadernación rústica con solapas
Número de control de estantería N-9719
itemnumber 201304
903 ## - NOMBRE PERSONAL DE DONANTE
9 234219
a Lázaro García, José
e Donante
942 ## - ELEMENTOS DE ENTRADA SECUNDARIOS (KOHA)
Suprimir en OPAC No
Tipo de ítem Koha Libro impreso
Holdings
Estatus retirado Estado de pérdida Fuente del sistema de clasificación o colocación Estado de daño No para préstamo Biblioteca de origen Biblioteca actual Ubicación en estantería Fecha de adquisición Fuente de adquisición Total de préstamos Signatura topográfica completa Código de barras Visto por última vez Precio de reemplazo Tipo de ítem Koha
    Clasificación decimal universal     Biblioteca del Ateneo de Madrid Biblioteca del Ateneo de Madrid Depósito J 24/11/2023 Donación   N-9719 101206705 12/02/2024 12/02/2024 Libro impreso